Estadística y econometría (Registro nro. 5017)

Detalles MARC
000 -LEADER
fixed length control field 01296 a2200229 4500
001 - CONTROL NUMBER
control field 52895
005 - DATE AND TIME OF LATEST TRANSACTION
control field 20260407155803.0
008 - FIXED-LENGTH DATA ELEMENTS--GENERAL INFORMATION
fixed length control field 260407a1997 arg spa d
003 - CONTROL NUMBER IDENTIFIER
control field AR-UNSa-BCEJYS
040 ## - CATALOGING SOURCE
Original cataloging agency AR-UNSa-BCEJYS
Language of cataloging spa
Transcribing agency AR-UNSa-BCEJYS
080 ## - UNIVERSAL DECIMAL CLASSIFICATION NUMBER
Universal Decimal Classification number 519.2
Common auxiliary subdivision Probabilidades y estadística matemática<br/>
020 ## - INTERNATIONAL STANDARD BOOK NUMBER
International Standard Book Number 84-481-0798-5
041 ## - LANGUAGE CODE
Language code of text/sound track or separate title spa
100 1# - MAIN ENTRY--PERSONAL NAME
Personal name Novales Cinca, Alfonso
245 10 - TITLE STATEMENT
Title Estadística y econometría
264 #1 - PRODUCTION, PUBLICATION, DISTRIBUTION, MANUFACTURE, AND COPYRIGHT NOTICE
Place of production, publication, distribution, manufacture Madrid :
Name of producer, publisher, distributor, manufacturer McGraw-Hill
Date of production, publication, distribution, manufacture, or copyright notice 1997
300 ## - PHYSICAL DESCRIPTION
Extent xviii, 638 p.
Dimensions 25 cm.
505 ## - FORMATTED CONTENTS NOTE
Formatted contents note 1. Organización y análisis de datos - 2. Tasas de variación en datos temporales - 3. Números índices - 4. Teoría de la probabilidad - 5. Variables aleatorias - 6. Modelos de distribución de probabilidad - 7. Distribuciones multivariantes - 8. Distribuciones de funciones de variables aleatorias y aproximaciones - 9. Estimacoón - 10. Contrastación de hipótesis estadísticas - 11. Muestreo en poblaciones finitas - 12. Contrastes no paramétricos 13. El modelo de regresión lineal - 14. Utilización práctica del modelo de regresión - 15. El modelo de regresión múltiple
590 ## - LOCAL NOTE (RLIN)
Local note niveau_biblio:m niveau_hierar:0
856 41 - ELECTRONIC LOCATION AND ACCESS
Uniform Resource Identifier <a href="https://www.biblioeco.unsa.edu.ar/pmb/images/libros/L128297.jpg">https://www.biblioeco.unsa.edu.ar/pmb/images/libros/L128297.jpg</a>
Link text Imagen de portada
Electronic format type image/jpeg
942 ## - ADDED ENTRY ELEMENTS (KOHA)
Koha item type
Existencias
Withdrawn status Lost status Damaged status Not for loan Home library Current library Shelving location Date acquired Total checkouts Full call number Barcode Date last seen Price effective from Koha item type
        Biblioteca Prof. Eusebio Cleto del Rey Biblioteca Prof. Eusebio Cleto del Rey   07/04/2026   519.2 N935 L128297 07/04/2026 07/04/2026 Libro